|
|
|
|
| LEADER |
00000nam0a2200000 4500 |
| 001 |
347434 |
| 005 |
20231102010010.0 |
| 010 |
|
|
|a 9785912580833
|
| 035 |
|
|
|a (RuTPU)RU\TPU\book\379327
|
| 090 |
|
|
|a 347434
|
| 100 |
|
|
|a 20220406d2008 km y0rusy50 ca
|
| 101 |
0 |
|
|a rus
|
| 102 |
|
|
|a RU
|
| 105 |
|
|
|a acf z 000zy
|
| 200 |
1 |
|
|a В поисках элемента 92
|f гл. ред. Ю. Н. Капков ; сост. Е. Стринадкина
|
| 210 |
|
|
|a Санкт-Петербург
|c Дом геолога
|d 2008
|
| 215 |
|
|
|a 280 с.
|c ил.
|
| 225 |
1 |
|
|a Альманах дома геолога
|v Вып. 2
|
| 606 |
1 |
|
|a Урановые месторождения
|2 stltpush
|3 (RuTPU)RU\TPU\subj\63189
|9 80225
|
| 610 |
1 |
|
|a урановая геология
|
| 610 |
1 |
|
|a уран
|
| 610 |
1 |
|
|a геологические экспедиции
|
| 610 |
1 |
|
|a воспоминания
|
| 610 |
1 |
|
|a геологи
|
| 610 |
1 |
|
|a геофизики
|
| 675 |
|
|
|a 553.495
|v 4
|
| 702 |
|
1 |
|a Капков
|b Ю. Н.
|c геофизик
|c профессор Санкт-Петербургского горного университета
|f 1920-2009
|g Юрий Николаевич
|2 stltpush
|3 (RuTPU)RU\TPU\pers\47204
|4 651
|9 22784
|
| 702 |
|
1 |
|a Стринадкина
|b Е.
|g Елена
|4 220
|
| 801 |
|
1 |
|a RU
|b 63413507
|c 20220406
|
| 801 |
|
2 |
|a RU
|b 63413507
|c 20220531
|g RCR
|
| 942 |
|
|
|c BK
|